Meilleurs Buteur Ligue des Champions 24/25 - Statistiques

Statistiques générales
  • Ce quiz a été pris 167 fois
  • Le résultat moyen est 13 sur 15
Statistiques - réponses
But Club Joueur % Correct
8 Paris Saint-Germain Dembélé
98%
7 Real Madrid Mbappe
97%
8 Manchester City Haaland
96%
11 Bayern Munich Kane
96%
11 FC Barcelone Lewandowski
96%
13 Borussia Dortmund Guirassy
95%
8 Real Madrid Vinicius Junior
95%
13 FC Barcelone Raphinha
94%
9 Inter Milan Martinez
92%
6 Arsenal Saka
89%
7 Atlético Madrid Alvarez
87%
7 Lille David
87%
6 Atlético Madrid Griezmann
87%
6 Bayer Leverkusen Wirtz
85%
7 Benfica Lisbonne Pavlidis
49%
Aucun quiz correspondant
Distribution des résultats
% des personnes avec chaque résultat
Percentile par nombre de réponses
Votre historique - résultats
Vous n’avez pas pris ce quiz